| 000 | 01011nam a2200241 a 4500 | ||
|---|---|---|---|
| 001 | 000041109 | ||
| 005 | 20201002034627.0 | ||
| 008 | 130918s2005 sp a 000 0 spa d | ||
| 040 |
_aDO-SdBNP _bspa _cBNPHU |
||
| 245 | 0 | 4 |
_aLos almohades: problemas y perspectivas / _ceditores Patrice Cressier, Maribel Fierro, Luis Molina. |
| 260 |
_aMadrid : _bConsejo Superior de Investigaciones Científicas, _c2005. |
||
| 300 |
_aV.: p. 410-1230. : _bil. ; _c24 cm. |
||
| 490 | 1 |
_aEstudios Árabes e Islámicos. Monografías _v11 |
|
| 500 | _aLa biblioteca posee el v. 1 | ||
| 500 | _aIncluye referencias bibliográficas y notas al pie de las páginas | ||
| 504 | _aBibliografía 402-406 : | ||
| 590 | _aInventariado, 2019/VM | ||
| 700 | 1 |
_aCressier, Patrice, _eed. _967652 |
|
| 700 | 1 |
_aFierro Bello, María Isabel, _eed. _91593 |
|
| 700 | 1 |
_aMolina, Luis, _eed. _962117 |
|
| 710 | 2 |
_aConsejo Superior de Investigaciones Científicas (España) _915178 |
|
| 830 | 0 |
_aEstudios Árabes e Islámicos. Monografías _v11 _967653 |
|
| 999 |
_c40599 _d40599 |
||